Statistics for IIHF World Championship 2024 Qualifiers

Click here to take the quiz!

General Stats

  • This quiz has been taken 69 times
  • The average score is 15 of 16

Answer Stats

RoleGroupAnswer% Correct
QualifierACanada
98%
QualifierAFinland
98%
QualifierBUnited States of America
98%
QualifierBSweden
97%
Host (Also Qualifies)ACzech Republic
95%
QualifierADenmark
95%
QualifierBSlovakia
95%
QualifierBGermany
94%
QualifierANorway
94%
QualifierASwitzerland
92%
QualifierAAustria
89%
QualifierBFrance
89%
QualifierBLatvia
89%
QualifierBPoland
87%
QualifierBKazakhstan
84%
QualifierAUnited Kingdom
84%

Score Distribution

Percentile by Number Answered

Percent of People with Each Score

Your Score History

You have not taken this quiz